[Event "EYCC 2024 - G14"]
[Site "?"]
[Date "2024.08.22"]
[Round "1.9"]
[White "Alfano, Emilie"]
[Black "Gunasti, Latife Yade"]
[Result "1-0"]
[BlackElo "1704"]
[WhiteElo "1990"]
[LiveChessVersion "1.4.8"]

1. e4 {[%clk 1:30:57]} d6 {[%clk 1:30:29]} 2. d4 {[%clk 1:31:20]} Nf6
{[%clk 1:30:27]} 3. Bd3 {[%clk 1:28:42]} e5 {[%clk 1:27:29]} 4. Nf3
{[%clk 1:26:55]} Nbd7 {[%clk 1:25:38]} 5. O-O {[%clk 1:25:51]} Be7
{[%clk 1:22:08]} 6. c3 {[%clk 1:22:21]} O-O {[%clk 1:20:07]} 7. Nbd2
{[%clk 1:20:06]} c6 {[%clk 1:15:24]} 8. Re1 {[%clk 1:19:33]} Qc7 {[%clk 1:14:12]}
9. Nf1 {[%clk 1:18:36]} Re8 {[%clk 1:10:52]} 10. Ng3 {[%clk 1:15:34]} Nf8
{[%clk 1:07:48]} 11. Nh4 {[%clk 0:57:33]} Ng6 {[%clk 1:02:35]} 12. Nhf5
{[%clk 0:54:14]} Bf8 {[%clk 0:59:02]} 13. Bg5 {[%clk 0:46:27]} Nd7
{[%clk 0:48:52]} 14. Qf3 {[%clk 0:43:39]} Nb6 {[%clk 0:35:36]} 15. Nh5
{[%clk 0:35:49]} Be6 {[%clk 0:29:57]} 16. Nfxg7 {[%clk 0:34:24]} Bxg7
{[%clk 0:26:08]} 17. Nxg7 {[%clk 0:34:38]} Nd7 {[%clk 0:25:29]} 18. Nxe8
{[%clk 0:34:20]} Rxe8 {[%clk 0:25:54]} 19. d5 {[%clk 0:34:32]} cxd5
{[%clk 0:24:04]} 20. exd5 {[%clk 0:34:42]} e4 {[%clk 0:21:43]} 21. Bxe4
{[%clk 0:32:53]} Nde5 {[%clk 0:21:42]} 22. Qf6 {[%clk 0:33:01]} Ng4
{[%clk 0:21:42]} 23. Qd4 {[%clk 0:33:06]} Bd7 {[%clk 0:21:13]} 24. Bxg6
{[%clk 0:33:09]} Rxe1+ {[%clk 0:21:40]} 25. Rxe1 {[%clk 0:33:33]} hxg6
{[%clk 0:22:06]} 26. h3 {[%clk 0:33:31]} Ne5 {[%clk 0:21:28]} 27. f4
{[%clk 0:33:35]} 1-0

[Event "EYCC 2024 - G14"]
[Site "?"]
[Date "2024.08.22"]
[Round "1.10"]
[White "Zengin, Ovgu"]
[Black "Huseynova, Lala"]
[Result "0-1"]
[BlackElo "1984"]
[WhiteElo "1703"]
[LiveChessVersion "1.4.8"]

1. e4 {[%clk 1:30:54]} c5 {[%clk 1:30:49]} 2. Nf3 {[%clk 1:30:59]} d6
{[%clk 1:29:49]} 3. d4 {[%clk 1:31:20]} cxd4 {[%clk 1:30:04]} 4. Nxd4
{[%clk 1:31:42]} Nf6 {[%clk 1:30:28]} 5. Nc3 {[%clk 1:31:58]} a6 {[%clk 1:30:41]}
6. f3 {[%clk 1:31:36]} e5 {[%clk 1:30:46]} 7. Nb3 {[%clk 1:31:45]} Be6
{[%clk 1:30:55]} 8. Be3 {[%clk 1:32:05]} h5 {[%clk 1:31:03]} 9. Qd2
{[%clk 1:32:10]} Nbd7 {[%clk 1:31:05]} 10. Nd5 {[%clk 1:29:21]} Bxd5
{[%clk 1:29:31]} 11. exd5 {[%clk 1:29:46]} g6 {[%clk 1:29:25]} 12. O-O-O
{[%clk 1:25:46]} Bg7 {[%clk 1:23:46]} 13. Kb1 {[%clk 1:20:07]} Rc8
{[%clk 1:18:33]} 14. Qb4 {[%clk 1:15:37]} Qc7 {[%clk 1:14:24]} 15. c3
{[%clk 1:11:44]} b5 {[%clk 1:04:11]} 16. Na5 {[%clk 1:09:33]} Nc5
{[%clk 0:51:50]} 17. c4 {[%clk 1:03:14]} bxc4 {[%clk 0:44:21]} 18. Bxc4
{[%clk 0:50:57]} Rb8 {[%clk 0:40:03]} 19. Qc3 {[%clk 0:47:37]} O-O
{[%clk 0:38:18]} 20. Bxc5 {[%clk 0:44:38]} Qxc5 {[%clk 0:38:04]} 21. Nb3
{[%clk 0:44:52]} Qb6 {[%clk 0:36:14]} 22. Qa5 {[%clk 0:40:19]} Qe3
{[%clk 0:23:54]} 23. Qd2 {[%clk 0:24:24]} Qb6 {[%clk 0:22:11]} 24. Qa5
{[%clk 0:24:24]} Qf2 {[%clk 0:21:07]} 25. Rd2 {[%clk 0:24:14]} Qh4
{[%clk 0:20:03]} 26. Qxa6 {[%clk 0:21:20]} e4 {[%clk 0:18:32]} 27. fxe4
{[%clk 0:11:54]} Nxe4 {[%clk 0:18:29]} 28. Rc2 {[%clk 0:11:56]} Rfc8
{[%clk 0:16:41]} 29. Bd3 {[%clk 0:08:20]} Rxc2 {[%clk 0:16:06]} 30. Bxc2
{[%clk 0:08:14]} Qf6 {[%clk 0:14:18]} 31. Qa3 {[%clk 0:07:52]} Nc3+
{[%clk 0:09:54]} 32. Kc1 {[%clk 0:04:45]} Nb5 {[%clk 0:08:53]} 33. Qa5
{[%clk 0:03:57]} Qxb2+ {[%clk 0:08:53]} 34. Kd1 {[%clk 0:03:56]} Nc3+
{[%clk 0:08:09]} 35. Kd2 {[%clk 0:03:58]} Ne4+ {[%clk 0:08:31]} 0-1

[Event "EYCC 2024 - G14"]
[Site "?"]
[Date "2024.08.22"]
[Round "1.11"]
[White "Derlich, Sarah Sima"]
[Black "Lajdamik, Kinga"]
[Result "0-1"]
[BlackElo "1697"]
[WhiteElo "1982"]
[LiveChessVersion "1.4.8"]

1. e4 {[%clk 1:30:58]} c6 {[%clk 1:30:50]} 2. d4 {[%clk 1:31:22]} d5
{[%clk 1:31:09]} 3. exd5 {[%clk 1:31:40]} cxd5 {[%clk 1:31:34]} 4. Bd3
{[%clk 1:31:58]} Nc6 {[%clk 1:31:56]} 5. c3 {[%clk 1:32:16]} g6 {[%clk 1:32:16]}
6. Nf3 {[%clk 1:32:33]} Bf5 {[%clk 1:32:33]} 7. Bxf5 {[%clk 1:29:43]} gxf5
{[%clk 1:32:56]} 8. Bf4 {[%clk 1:29:56]} e6 {[%clk 1:33:17]} 9. Ne5
{[%clk 1:25:15]} Bd6 {[%clk 1:23:40]} 10. Nd2 {[%clk 1:13:53]} Bxe5
{[%clk 1:19:12]} 11. dxe5 {[%clk 1:13:41]} Nge7 {[%clk 1:17:22]} 12. Nf3
{[%clk 1:09:29]} Qc7 {[%clk 1:12:04]} 13. Qe2 {[%clk 1:01:17]} Ng6
{[%clk 1:10:36]} 14. Bg5 {[%clk 1:01:39]} Rg8 {[%clk 1:10:16]} 15. O-O-O
{[%clk 0:58:13]} Ngxe5 {[%clk 1:08:18]} 16. Bf6 {[%clk 0:53:12]} Nd7
{[%clk 0:59:03]} 17. Bh4 {[%clk 0:53:04]} Nb6 {[%clk 0:55:56]} 18. g3
{[%clk 0:49:54]} Ne7 {[%clk 0:46:29]} 19. Rhe1 {[%clk 0:43:43]} O-O-O
{[%clk 0:41:20]} 20. Ng5 {[%clk 0:43:19]} Ng6 {[%clk 0:24:30]} 21. Nxe6
{[%clk 0:38:54]} fxe6 {[%clk 0:24:37]} 22. Qxe6+ {[%clk 0:38:24]} Qd7
{[%clk 0:24:41]} 23. Bxd8 {[%clk 0:38:31]} Rxd8 {[%clk 0:24:50]} 24. h4
{[%clk 0:37:49]} Qxe6 {[%clk 0:17:17]} 25. Rxe6 {[%clk 0:38:17]} Kd7
{[%clk 0:17:22]} 26. Rde1 {[%clk 0:38:11]} Na4 {[%clk 0:12:16]} 27. h5
{[%clk 0:29:38]} Nc5 {[%clk 0:12:20]} 28. R6e3 {[%clk 0:30:00]} f4
{[%clk 0:09:15]} 29. Rf3 {[%clk 0:29:10]} Ne7 {[%clk 0:09:28]} 30. Kc2
{[%clk 0:27:30]} Rf8 {[%clk 0:08:20]} 31. g4 {[%clk 0:14:54]} Ne4
{[%clk 0:08:08]} 32. c4 {[%clk 0:14:54]} Nc6 {[%clk 0:07:20]} 33. Kc1
{[%clk 0:08:50]} Ne5 {[%clk 0:06:12]} 34. Rb3 {[%clk 0:08:34]} Kd6
{[%clk 0:05:59]} 35. f3 {[%clk 0:05:39]} Nc5 {[%clk 0:05:45]} 36. Ra3
{[%clk 0:03:02]} Ncd3+ {[%clk 0:04:35]} 37. Kd1 {[%clk 0:03:09]} Nxe1
{[%clk 0:04:51]} 38. Kxe1 {[%clk 0:03:10]} Nxc4 {[%clk 0:04:32]} 39. Rxa7
{[%clk 0:03:17]} Kc6 {[%clk 0:04:22]} 40. b4 {[%clk 0:02:55]} Kb6
{[%clk 0:03:19]} 41. Ra4 {[%clk 0:03:08]} Re8+ {[%clk 0:03:15]} 42. Kf2
{[%clk 0:03:12]} d4 {[%clk 0:03:06]} 43. b5 {[%clk 0:02:53]} Kxb5
{[%clk 0:03:21]} 44. Ra7 {[%clk 0:03:15]} d3 {[%clk 0:02:37]} 45. Rxb7+
{[%clk 0:02:59]} Nb6 {[%clk 0:02:59]} 46. a4+ {[%clk 0:02:23]} Kc6
{[%clk 0:03:15]} 47. Rf7 {[%clk 0:00:38]} d2 {[%clk 0:03:23]} 48. Rf6+
{[%clk 0:00:37]} Kc7 {[%clk 0:03:14]} 0-1

[Event "EYCC 2024 - G14"]
[Site "?"]
[Date "2024.08.22"]
[Round "1.12"]
[White "Velychko, Sofiya"]
[Black "Skramstad, Oda Kofoed"]
[Result "1-0"]
[BlackElo "1980"]
[WhiteElo "1691"]
[LiveChessVersion "1.4.8"]

1. d4 {[%clk 1:30:59]} Nf6 {[%clk 1:30:31]} 2. Nc3 {[%clk 1:31:13]} d5
{[%clk 1:30:43]} 3. Bf4 {[%clk 1:31:09]} c6 {[%clk 1:29:58]} 4. e3
{[%clk 1:30:44]} g6 {[%clk 1:29:52]} 5. Nf3 {[%clk 1:29:51]} Bg7 {[%clk 1:29:18]}
6. Bd3 {[%clk 1:28:31]} O-O {[%clk 1:27:13]} 7. O-O {[%clk 1:27:52]} Nbd7
{[%clk 1:25:42]} 8. Re1 {[%clk 1:24:51]} Re8 {[%clk 1:16:42]} 9. e4
{[%clk 1:14:39]} dxe4 {[%clk 1:13:41]} 10. Nxe4 {[%clk 1:14:32]} Nd5
{[%clk 1:13:13]} 11. Bd2 {[%clk 1:13:29]} Qc7 {[%clk 1:01:00]} 12. c4
{[%clk 1:01:59]} Nf4 {[%clk 0:58:43]} 13. Bxf4 {[%clk 1:01:09]} Qxf4
{[%clk 0:59:02]} 14. Qd2 {[%clk 0:56:40]} Qc7 {[%clk 0:57:14]} 15. Rac1
{[%clk 0:53:37]} Nf6 {[%clk 0:53:33]} 16. h3 {[%clk 0:48:08]} Rd8
{[%clk 0:51:38]} 17. Nxf6+ {[%clk 0:43:43]} Bxf6 {[%clk 0:51:43]} 18. Be4
{[%clk 0:43:06]} Qb6 {[%clk 0:47:59]} 19. c5 {[%clk 0:40:58]} Qc7
{[%clk 0:47:39]} 20. Qe3 {[%clk 0:39:42]} Be6 {[%clk 0:46:19]} 21. Red1
{[%clk 0:34:57]} Rd7 {[%clk 0:44:44]} 22. Rd2 {[%clk 0:31:19]} Rad8
{[%clk 0:39:29]} 23. Rcd1 {[%clk 0:31:03]} Qa5 {[%clk 0:38:38]} 24. a3
{[%clk 0:29:30]} Qa4 {[%clk 0:35:19]} 25. b4 {[%clk 0:26:22]} Qb3
{[%clk 0:29:37]} 26. Rd3 {[%clk 0:25:27]} Qa4 {[%clk 0:29:10]} 27. R3d2
{[%clk 0:25:10]} Bb3 {[%clk 0:21:16]} 28. Rb1 {[%clk 0:23:40]} Bd5
{[%clk 0:20:57]} 29. Bc2 {[%clk 0:22:43]} Qa6 {[%clk 0:21:12]} 30. Ne5
{[%clk 0:21:52]} Rc7 {[%clk 0:17:31]} 31. a4 {[%clk 0:20:01]} b5 {[%clk 0:16:54]}
32. a5 {[%clk 0:17:58]} Qc8 {[%clk 0:17:10]} 33. Bb3 {[%clk 0:16:05]} Qf5
{[%clk 0:16:13]} 34. Bc2 {[%clk 0:13:37]} Qe6 {[%clk 0:10:37]} 35. f4
{[%clk 0:09:28]} Bg7 {[%clk 0:09:37]} 36. Qg3 {[%clk 0:06:45]} f6
{[%clk 0:08:06]} 37. f5 {[%clk 0:05:37]} gxf5 {[%clk 0:05:59]} 38. Nf7
{[%clk 0:03:27]} Kxf7 {[%clk 0:02:49]} 39. Qxc7 {[%clk 0:03:22]} Qe3+
{[%clk 0:03:14]} 40. Rf2 {[%clk 0:03:29]} Rg8 {[%clk 0:03:36]} 41. Bxf5
{[%clk 0:01:45]} Bh6 {[%clk 0:03:49]} 42. Bg4 {[%clk 0:01:54]} Qe4
{[%clk 0:03:40]} 43. Rbf1 {[%clk 0:00:50]} Be3 {[%clk 0:03:52]} 44. Bh5+
{[%clk 0:00:55]} Ke6 {[%clk 0:03:20]} 45. Bg4+ {[%clk 0:00:52]} Rxg4
{[%clk 0:03:38]} 46. Qc8+ {[%clk 0:01:11]} Kf7 {[%clk 0:03:42]} 47. Qxg4
{[%clk 0:01:30]} Qxg4 {[%clk 0:01:21]} 48. hxg4 {[%clk 0:01:53]} Bxd4
{[%clk 0:01:48]} 49. Rd1 {[%clk 0:01:17]} Bxf2+ {[%clk 0:01:46]} 50. Kxf2
{[%clk 0:01:41]} e5 {[%clk 0:02:00]} 51. Ke3 {[%clk 0:01:40]} Ke7
{[%clk 0:01:36]} 52. Rh1 {[%clk 0:01:58]} Bg8 {[%clk 0:02:01]} 53. Rh6
{[%clk 0:01:54]} 1-0

[Event "EYCC 2024 - G14"]
[Site "?"]
[Date "2024.08.22"]
[Round "1.13"]
[White "Mence, Eline"]
[Black "Kravchenko, Anastasiia"]
[Result "0-1"]
[BlackElo "1690"]
[WhiteElo "1975"]
[LiveChessVersion "1.4.8"]

1. d4 {[%clk 1:30:57]} Nf6 {[%clk 1:30:50]} 2. Nf3 {[%clk 1:31:19]} g6
{[%clk 1:30:58]} 3. c4 {[%clk 1:31:42]} Bg7 {[%clk 1:31:16]} 4. Nc3
{[%clk 1:32:04]} O-O {[%clk 1:31:33]} 5. e4 {[%clk 1:32:28]} d6 {[%clk 1:31:54]}
6. h3 {[%clk 1:32:49]} Nc6 {[%clk 1:31:53]} 7. Be3 {[%clk 1:32:26]} e5
{[%clk 1:31:44]} 8. d5 {[%clk 1:32:22]} Ne7 {[%clk 1:32:03]} 9. g4
{[%clk 1:31:45]} a6 {[%clk 1:27:05]} 10. Be2 {[%clk 1:28:50]} Rb8
{[%clk 1:17:46]} 11. Nd2 {[%clk 1:19:58]} Bd7 {[%clk 1:14:01]} 12. a3
{[%clk 0:57:02]} c6 {[%clk 1:06:34]} 13. b4 {[%clk 0:44:07]} Ne8 {[%clk 0:56:33]}
14. a4 {[%clk 0:36:44]} f5 {[%clk 0:49:15]} 15. f3 {[%clk 0:29:30]} Nf6
{[%clk 0:42:24]} 16. a5 {[%clk 0:24:24]} Nc8 {[%clk 0:35:15]} 17. Qc2
{[%clk 0:19:48]} cxd5 {[%clk 0:31:58]} 18. cxd5 {[%clk 0:19:07]} fxe4
{[%clk 0:31:31]} 19. fxe4 {[%clk 0:18:06]} Rf7 {[%clk 0:21:52]} 20. Nc4
{[%clk 0:12:32]} Be8 {[%clk 0:14:52]} 21. g5 {[%clk 0:11:31]} Nh5
{[%clk 0:13:44]} 22. Bxh5 {[%clk 0:11:29]} gxh5 {[%clk 0:14:07]} 23. Kd2
{[%clk 0:11:14]} Bd7 {[%clk 0:02:54]} 24. h4 {[%clk 0:09:30]} Bg4
{[%clk 0:02:57]} 25. Rhf1 {[%clk 0:09:09]} Qf8 {[%clk 0:02:21]} 26. Qb1
{[%clk 0:08:28]} Bh3 {[%clk 0:01:59]} 27. Rxf7 {[%clk 0:08:42]} Qxf7
{[%clk 0:02:25]} 28. Qh1 {[%clk 0:08:44]} Qd7 {[%clk 0:02:13]} 29. Rg1
{[%clk 0:04:55]} Bg4 {[%clk 0:01:45]} 30. Bf2 {[%clk 0:03:14]} Ne7
{[%clk 0:00:41]} 31. Ne3 {[%clk 0:02:19]} Rc8 {[%clk 0:00:37]} 32. Nxg4
{[%clk 0:02:22]} hxg4 {[%clk 0:01:02]} 33. Qg2 {[%clk 0:02:03]} Qc7
{[%clk 0:01:00]} 34. Rc1 {[%clk 0:01:50]} Qc4 {[%clk 0:01:04]} 35. Qxg4
{[%clk 0:01:30]} Kh8 {[%clk 0:00:37]} 36. Qe6 {[%clk 0:01:05]} Rf8
{[%clk 0:00:42]} 37. Be3 {[%clk 0:00:49]} Nc6 {[%clk 0:00:46]} 38. Qxd6
{[%clk 0:00:32]} Nxb4 {[%clk 0:01:03]} 39. Ne2 {[%clk 0:00:37]} Qd3+
{[%clk 0:01:14]} 40. Ke1 {[%clk 0:00:55]} Nc2+ {[%clk 0:01:11]} 41. Rxc2
{[%clk 0:01:14]} Qxc2 {[%clk 0:01:35]} 42. Qb4 {[%clk 0:00:49]} Qd3
{[%clk 0:01:34]} 43. Bc5 {[%clk 0:00:33]} Re8 {[%clk 0:01:06]} 44. d6
{[%clk 0:00:35]} Qh3 {[%clk 0:00:57]} 45. Qxb7 {[%clk 0:00:39]} Qxh4+
{[%clk 0:01:09]} 46. Kd2 {[%clk 0:00:54]} Qxg5+ {[%clk 0:01:19]} 47. Be3
{[%clk 0:01:11]} Qd8 {[%clk 0:01:27]} 48. Qxa6 {[%clk 0:00:43]} Re6
{[%clk 0:01:45]} 49. Bc5 {[%clk 0:00:54]} Bf8 {[%clk 0:01:58]} 50. Qc4
{[%clk 0:00:42]} Qxa5+ {[%clk 0:01:01]} 51. Kc2 {[%clk 0:00:38]} Rf6
{[%clk 0:00:54]} 52. d7 {[%clk 0:00:38]} Rc6 {[%clk 0:00:37]} 53. d8=Q
{[%clk 0:00:34]} Qxd8 {[%clk 0:00:53]} 54. Nc3 {[%clk 0:00:43]} Rxc5
{[%clk 0:01:17]} 55. Qf7 {[%clk 0:01:01]} Qc8 {[%clk 0:01:17]} 56. Qf3
{[%clk 0:01:12]} Rxc3+ {[%clk 0:01:27]} 57. Qxc3 {[%clk 0:01:36]} Qxc3+
{[%clk 0:01:52]} 58. Kxc3 {[%clk 0:02:02]} h5 {[%clk 0:02:16]} 59. Kd3
{[%clk 0:02:28]} Kg7 {[%clk 0:02:19]} 60. Ke3 {[%clk 0:02:52]} Kg6
{[%clk 0:02:41]} 61. Kf3 {[%clk 0:03:15]} Kg5 {[%clk 0:02:08]} 62. Kg3
{[%clk 0:03:37]} h4+ {[%clk 0:02:21]} 63. Kf3 {[%clk 0:03:54]} Bc5
{[%clk 0:02:29]} 0-1

[Event "EYCC 2024 - G14"]
[Site "?"]
[Date "2024.08.22"]
[Round "1.14"]
[White "Barazovsky, Tamar"]
[Black "Aghaverdiyeva, Maryam"]
[Result "0-1"]
[BlackElo "1972"]
[WhiteElo "1682"]
[LiveChessVersion "1.4.8"]

1. e4 {[%clk 1:30:59]} c6 {[%clk 1:30:37]} 2. d4 {[%clk 1:31:24]} d5
{[%clk 1:30:56]} 3. Nd2 {[%clk 1:31:49]} dxe4 {[%clk 1:31:02]} 4. Nxe4
{[%clk 1:32:17]} Nf6 {[%clk 1:31:15]} 5. Nxf6+ {[%clk 1:32:38]} exf6
{[%clk 1:31:34]} 6. c3 {[%clk 1:33:04]} Bd6 {[%clk 1:31:54]} 7. Bd3
{[%clk 1:33:27]} O-O {[%clk 1:32:08]} 8. Qc2 {[%clk 1:33:53]} Re8+
{[%clk 1:32:30]} 9. Ne2 {[%clk 1:34:04]} g6 {[%clk 1:32:53]} 10. O-O
{[%clk 1:33:32]} Qc7 {[%clk 1:31:39]} 11. h4 {[%clk 1:13:21]} Be6
{[%clk 1:26:56]} 12. c4 {[%clk 1:05:32]} f5 {[%clk 1:15:48]} 13. c5
{[%clk 0:54:49]} Bf8 {[%clk 1:07:58]} 14. Nf4 {[%clk 0:51:01]} Bg7
{[%clk 0:58:09]} 15. Be3 {[%clk 0:34:38]} Nd7 {[%clk 0:45:25]} 16. g3
{[%clk 0:14:24]} Nf8 {[%clk 0:41:01]} 17. Rad1 {[%clk 0:12:30]} Rad8
{[%clk 0:37:11]} 18. Bc4 {[%clk 0:10:02]} Bxc4 {[%clk 0:25:41]} 19. Qxc4
{[%clk 0:10:29]} Re4 {[%clk 0:25:57]} 20. Rfe1 {[%clk 0:06:18]} Ne6
{[%clk 0:17:49]} 21. Nxe6 {[%clk 0:06:12]} Rxe6 {[%clk 0:17:33]} 22. Bf4
{[%clk 0:02:23]} Qe7 {[%clk 0:17:07]} 23. Rxe6 {[%clk 0:01:50]} Qxe6
{[%clk 0:17:28]} 24. Qxe6 {[%clk 0:01:12]} fxe6 {[%clk 0:17:51]} 25. Re1
{[%clk 0:00:43]} Kf7 {[%clk 0:16:12]} 26. Be5 {[%clk 0:00:42]} Bxe5
{[%clk 0:16:33]} 27. dxe5 {[%clk 0:01:01]} Rd2 {[%clk 0:16:44]} 28. Rb1
{[%clk 0:01:19]} Rd5 {[%clk 0:11:48]} 29. Rc1 {[%clk 0:00:47]} Rxe5
{[%clk 0:12:05]} 30. Rc4 {[%clk 0:00:43]} Re4 {[%clk 0:10:28]} 31. Rxe4
{[%clk 0:00:44]} fxe4 {[%clk 0:10:52]} 32. Kf1 {[%clk 0:00:44]} a5
{[%clk 0:10:12]} 33. Ke2 {[%clk 0:00:43]} Kf6 {[%clk 0:10:32]} 34. Ke3
{[%clk 0:00:38]} Ke5 {[%clk 0:10:51]} 35. a3 {[%clk 0:00:57]} a4 {[%clk 0:10:51]}
36. g4 {[%clk 0:00:52]} h6 {[%clk 0:10:40]} 37. g5 {[%clk 0:00:49]} hxg5
{[%clk 0:09:32]} 38. hxg5 {[%clk 0:01:13]} Kf5 {[%clk 0:09:58]} 39. Kd4
{[%clk 0:00:38]} Kf4 {[%clk 0:10:03]} 40. Kc3 {[%clk 0:00:39]} Kf3
{[%clk 0:10:01]} 41. Kd4 {[%clk 0:00:51]} Kf4 {[%clk 0:10:23]} 42. Kc3
{[%clk 0:00:59]} e5 {[%clk 0:10:22]} 43. Kb4 {[%clk 0:00:49]} Kf3
{[%clk 0:09:46]} 44. Ka5 {[%clk 0:00:44]} Kxf2 {[%clk 0:09:56]} 45. Kb6
{[%clk 0:00:53]} e3 {[%clk 0:10:19]} 46. Kxb7 {[%clk 0:00:50]} e2
{[%clk 0:10:45]} 47. Kxc6 {[%clk 0:00:47]} e1=Q {[%clk 0:11:09]} 48. Kb7
{[%clk 0:00:40]} Qa5 {[%clk 0:11:04]} 49. c6 {[%clk 0:00:50]} Qb5+
{[%clk 0:11:28]} 50. Kc7 {[%clk 0:00:58]} e4 {[%clk 0:11:54]} 51. Kd6
{[%clk 0:01:02]} e3 {[%clk 0:12:09]} 52. c7 {[%clk 0:01:16]} Qb7 {[%clk 0:12:24]}
53. Kd7 {[%clk 0:01:22]} Qd5+ {[%clk 0:12:49]} 54. Ke7 {[%clk 0:01:13]} Qc6
{[%clk 0:13:00]} 55. Kd8 {[%clk 0:01:30]} Qd6+ {[%clk 0:13:22]} 56. Kc8
{[%clk 0:01:27]} e2 {[%clk 0:13:45]} 57. Kb7 {[%clk 0:01:28]} Qd7
{[%clk 0:14:07]} 58. Kb8 {[%clk 0:01:21]} Qb5+ {[%clk 0:14:27]} 59. Ka8
{[%clk 0:00:37]} e1=Q {[%clk 0:14:47]} 0-1

[Event "EYCC 2024 - G14"]
[Site "?"]
[Date "2024.08.22"]
[Round "1.15"]
[White "Nenova, Andzhelika"]
[Black "Rudzinskaite, Ula"]
[Result "0-1"]
[BlackElo "1677"]
[WhiteElo "1969"]
[LiveChessVersion "1.4.8"]

1. e4 {[%clk 1:30:55]} e6 {[%clk 1:30:45]} 2. d4 {[%clk 1:31:18]} d5
{[%clk 1:31:11]} 3. Nc3 {[%clk 1:31:42]} Nf6 {[%clk 1:27:55]} 4. e5
{[%clk 1:31:42]} Nfd7 {[%clk 1:28:18]} 5. f4 {[%clk 1:32:04]} c5 {[%clk 1:28:44]}
6. Nf3 {[%clk 1:32:30]} Nc6 {[%clk 1:29:06]} 7. Be3 {[%clk 1:32:28]} a6
{[%clk 1:28:31]} 8. a3 {[%clk 1:31:22]} b5 {[%clk 1:27:20]} 9. Bd3
{[%clk 1:25:05]} Qb6 {[%clk 1:26:10]} 10. O-O {[%clk 1:20:21]} cxd4
{[%clk 1:18:55]} 11. Bf2 {[%clk 1:20:25]} b4 {[%clk 1:09:39]} 12. axb4
{[%clk 1:02:19]} Qxb4 {[%clk 1:08:19]} 13. Ne2 {[%clk 0:57:55]} Qxb2
{[%clk 1:06:07]} 14. Nexd4 {[%clk 0:50:54]} Nxd4 {[%clk 1:04:39]} 15. Nxd4
{[%clk 0:50:07]} Qb7 {[%clk 0:59:22]} 16. Qe2 {[%clk 0:38:41]} Bc5
{[%clk 0:55:03]} 17. f5 {[%clk 0:35:16]} Qb6 {[%clk 0:43:44]} 18. Rab1
{[%clk 0:27:28]} Qa7 {[%clk 0:42:59]} 19. c3 {[%clk 0:22:59]} O-O
{[%clk 0:39:29]} 20. Rbe1 {[%clk 0:15:57]} exf5 {[%clk 0:34:56]} 21. Nxf5
{[%clk 0:10:18]} Bxf2+ {[%clk 0:34:39]} 22. Rxf2 {[%clk 0:10:46]} Nc5
{[%clk 0:34:17]} 23. Bc2 {[%clk 0:06:36]} Be6 {[%clk 0:30:52]} 24. Qh5
{[%clk 0:03:50]} Bxf5 {[%clk 0:25:23]} 25. Qxf5 {[%clk 0:01:53]} g6
{[%clk 0:25:27]} 26. Qf3 {[%clk 0:01:32]} Rad8 {[%clk 0:24:56]} 27. h4
{[%clk 0:01:11]} Qe7 {[%clk 0:20:02]} 28. h5 {[%clk 0:00:39]} Qg5
{[%clk 0:20:09]} 29. Qe2 {[%clk 0:00:33]} Kg7 {[%clk 0:17:22]} 30. Rf6
{[%clk 0:00:33]} Qxh5 {[%clk 0:14:32]} 31. g4 {[%clk 0:00:32]} Qh3
{[%clk 0:13:38]} 32. Ref1 {[%clk 0:00:35]} Qg3+ {[%clk 0:13:10]} 33. Kh1
{[%clk 0:00:59]} Qh3+ {[%clk 0:13:03]} 34. Kg1 {[%clk 0:01:23]} Qxc3
{[%clk 0:12:22]} 35. Qf2 {[%clk 0:01:26]} Ne6 {[%clk 0:06:23]} 36. Rxf7+
{[%clk 0:01:13]} Kg8 {[%clk 0:06:52]} 37. Qf6 {[%clk 0:00:33]} Qg3+
{[%clk 0:07:12]} 38. Kh1 {[%clk 0:00:53]} Qh3+ {[%clk 0:07:38]} 39. Kg1
{[%clk 0:01:18]} Qxg4+ {[%clk 0:07:16]} 40. Kh1 {[%clk 0:01:30]} Qh5+
{[%clk 0:07:27]} 41. Kg2 {[%clk 0:00:33]} Qg5+ {[%clk 0:07:55]} 42. Kh1
{[%clk 0:00:33]} Qxf6 {[%clk 0:08:12]} 43. R7xf6 {[%clk 0:00:44]} Rxf6
{[%clk 0:08:21]} 44. Rxf6 {[%clk 0:00:56]} Nd4 {[%clk 0:06:46]} 45. Bd3
{[%clk 0:00:49]} Re8 {[%clk 0:06:05]} 46. Rxa6 {[%clk 0:00:34]} Rxe5
{[%clk 0:06:29]} 47. Ra7 {[%clk 0:00:31]} Nf3 {[%clk 0:05:31]} 48. Bf1
{[%clk 0:00:32]} Rg5 {[%clk 0:04:54]} 0-1

[Event "EYCC 2024 - G14"]
[Site "?"]
[Date "2024.08.22"]
[Round "1.16"]
[White "Ulmer, Maya Vissing"]
[Black "Sickmann, Lisa"]
[Result "0-1"]
[BlackElo "1964"]
[WhiteElo "1676"]
[LiveChessVersion "1.4.8"]

1. d4 {[%clk 1:30:59]} d5 {[%clk 1:30:57]} 2. c4 {[%clk 1:31:25]} e6
{[%clk 1:31:24]} 3. Nc3 {[%clk 1:31:51]} Be7 {[%clk 1:31:51]} 4. Nf3
{[%clk 1:32:15]} Nf6 {[%clk 1:32:18]} 5. Bg5 {[%clk 1:32:37]} O-O
{[%clk 1:32:39]} 6. e3 {[%clk 1:32:49]} Nbd7 {[%clk 1:32:36]} 7. cxd5
{[%clk 1:32:54]} exd5 {[%clk 1:32:56]} 8. Bd3 {[%clk 1:32:50]} Re8
{[%clk 1:33:17]} 9. O-O {[%clk 1:33:01]} c6 {[%clk 1:33:20]} 10. Qc2
{[%clk 1:32:58]} Nf8 {[%clk 1:33:44]} 11. Rab1 {[%clk 1:32:51]} Ng6
{[%clk 1:33:14]} 12. b4 {[%clk 1:32:30]} a6 {[%clk 1:33:37]} 13. a4
{[%clk 1:31:53]} Bd6 {[%clk 1:33:57]} 14. h3 {[%clk 1:23:35]} h6 {[%clk 1:26:32]}
15. Bh4 {[%clk 1:06:50]} Nxh4 {[%clk 1:25:25]} 16. Nxh4 {[%clk 1:07:06]} Ne4
{[%clk 1:25:11]} 17. Nf3 {[%clk 1:06:41]} Bf5 {[%clk 1:20:19]} 18. Nd2
{[%clk 0:50:59]} Qh4 {[%clk 1:16:02]} 19. Bxe4 {[%clk 0:20:32]} dxe4
{[%clk 1:11:44]} 20. f4 {[%clk 0:19:44]} Qg3 {[%clk 1:00:13]} 21. Ne2
{[%clk 0:17:42]} Qxe3+ {[%clk 0:59:42]} 22. Rf2 {[%clk 0:16:35]} Qd3
{[%clk 0:57:12]} 23. Qxd3 {[%clk 0:15:08]} exd3 {[%clk 0:57:36]} 24. Ng3
{[%clk 0:14:37]} Bh7 {[%clk 0:57:50]} 25. Nc4 {[%clk 0:14:01]} d2
{[%clk 0:57:12]} 26. Rd1 {[%clk 0:10:06]} Re1+ {[%clk 0:57:09]} 27. Rf1
{[%clk 0:09:41]} Bxf4 {[%clk 0:56:04]} 28. Nh5 {[%clk 0:06:02]} Rxd1
{[%clk 0:56:09]} 29. Rxd1 {[%clk 0:06:10]} Bc2 {[%clk 0:56:33]} 30. Nxf4
{[%clk 0:04:25]} Bxd1 {[%clk 0:56:57]} 31. a5 {[%clk 0:02:22]} g5
{[%clk 0:57:13]} 0-1